000 00559nam a2200229Ia 4500
003 OSt
005 20220924141401.0
006 a|||||r|||| 00| 0
007 ta
008 220923b |||||||| |||| 00| 0 ben d
024 _a298120
037 _cTextual
040 _aARTS
_cARTS
_bben
041 _2ben
_aben
082 _aO157,3NDW,1, N4
100 _aDwaipayan
_9212132
245 0 _aTipu Sultan
260 _c1994
650 _aBENGALI LITERATURE
942 _hO157,3NDW,1, N4
_cTEXL
_2CC
999 _c447148
_d447148